| 000 | 00771nam a2200193 i 4500 | ||
|---|---|---|---|
| 001 | 21525 | ||
| 003 | ES-MaACL | ||
| 005 | 20251015063042.0 | ||
| 007 | t| | ||
| 008 | 021126s1946 sp ||||1| cat d | ||
| 100 | 1 |
_aCatalà, Víctor, _d1869-1966 _937006 |
|
| 245 | 1 | 0 |
_aSolitud / _cVíctor Catalá (seud.) ; amb un fragment inédit a més d'un proleg escrit expressament per a aquesta edició de Lluis Vía. |
| 250 | _aCinquena ed., revisada i amb un fragment inédit a més d'un proleg... de Lluis Via. | ||
| 260 |
_aBarcelona : _b[s.n.], _c1946 ( _fObradors de Joan Sallent Sucrs.) |
||
| 300 |
_a409 p., 6 lám. : _b1 retr. aut. ; _c20 cm. |
||
| 700 | 1 |
_aVia, Lluís, _d1870-1940 _9114250 |
|
| 852 |
_aES-MaACL _jE-2213 _bR.23034 |
||
| 999 |
_c21525 _d21525 |
||